|
|
|
|
| LEADER |
00000nla2a2200000 4500 |
| 001 |
646057 |
| 005 |
20231101134409.0 |
| 035 |
|
|
|a (RuTPU)RU\TPU\network\11178
|
| 035 |
|
|
|a RU\TPU\network\11167
|
| 090 |
|
|
|a 646057
|
| 100 |
|
|
|a 20160209d2015 k y0rusy50 ca
|
| 101 |
0 |
|
|a rus
|g rus
|
| 102 |
|
|
|a RU
|
| 105 |
|
|
|a a z 101zy
|
| 135 |
|
|
|a drgn ---uucaa
|
| 181 |
|
0 |
|a i
|
| 182 |
|
0 |
|a b
|
| 200 |
1 |
|
|a Инженерный метод определения трещиностойкости материалов по данным испытаний образцов с шевронным надрезом
|f Е. Е. Дерюгин [и др.]
|
| 203 |
|
|
|a Текст
|c электронный
|
| 225 |
1 |
|
|a Неустойчивость и локализация деформации и разрушения в материалах с иерархической структурой
|
| 300 |
|
|
|a Заглавие с экрана
|
| 320 |
|
|
|a [Библиогр.: с. 301 (1 назв.)]
|
| 337 |
|
|
|a Adobe Reader
|
| 463 |
|
1 |
|0 (RuTPU)RU\TPU\network\11053
|t Перспективные материалы с иерархической структурой для новых технологий и надежных конструкций
|o тезисы докладов Международной конференции, 21-25 сентября 2015 г., Томск
|f Российская академия наук (РАН), Сибирское отделение (СО), Институт физики прочности и материаловедения (ИФПМ)
|v [С. 300-301]
|d 2015
|
| 610 |
1 |
|
|a электронный ресурс
|
| 610 |
1 |
|
|a труды учёных ТПУ
|
| 610 |
1 |
|
|a инженерные методы
|
| 610 |
1 |
|
|a трещиностойкость
|
| 610 |
1 |
|
|a материалы
|
| 610 |
1 |
|
|a шевронные надрезы
|
| 610 |
1 |
|
|a испытания
|
| 610 |
1 |
|
|a образцы
|
| 701 |
|
1 |
|a Дерюгин
|b Е. Е.
|
| 701 |
|
1 |
|a Панин
|b В. Е.
|c специалист в области физики и механики деформируемого твердого тела, физического материаловедения
|c профессор Томского политехнического университета, доктор физико-математических наук
|c заведующий кафедрой материаловедения в машиностроении
|c директор Российского материаловедческого центра
|c научный руководитель Института физики прочности и материаловедения СО РАН
|f 1930-
|g Виктор Евгеньевич
|2 stltpush
|3 (RuTPU)RU\TPU\pers\12102
|
| 701 |
|
1 |
|a Суворов
|b Б. И.
|
| 701 |
|
1 |
|a Кибиткин
|b В. В.
|
| 712 |
0 |
2 |
|a Национальный исследовательский Томский политехнический университет (ТПУ)
|b Институт физики высоких технологий (ИФВТ)
|b Кафедра материаловедения в машиностроении (ММС)
|h 74
|2 stltpush
|3 (RuTPU)RU\TPU\col\18688
|
| 801 |
|
1 |
|a RU
|b 63413507
|c 20101016
|
| 801 |
|
2 |
|a RU
|b 63413507
|c 20160209
|g RCR
|
| 856 |
4 |
|
|u http://www.ispms.ru/files/Conference/2015/tezis_2015.pdf#page=300
|
| 942 |
|
|
|c CF
|